000 00888na a2200277 4500
001 12581
003 MIRAKIL
005 20181213154806.0
008 160828b tu 000 0
020 _a9789757051596
040 _aMilas
_btur
_cTR-AnCHP
082 _a172
_bA66k 2007
090 _a172 A66k 2007
100 _aAppiah, Kwame Anthony
245 _aKozmopolitizm
_bYeni küresel ahlak
_cKwame Anthony Appiah ; Çeviren Fezal Gülfidan ; Yayıma hazırlayan Zülfü Dicleli.
246 _aYeni küresel ahlak
260 _aİstanbul
_bTürk Henkel Yayınları
_c2007
300 _a199 s.
_c24 sm.
490 _aTürk Henkel yayınları
_v23
500 _aÖzgün yapıt adı: Cosmopolitanism : ethics in a world of strangers
650 _aSiyasal etik
650 _aEvrenselcilik
_xEtik
700 _aDicleli, Zülfü
700 _aGülfidan, Fezal
942 _2ddc
_cBKS
999 _c934
_d934